00552nam a2200157Ia 4500008004000000020001800040082001900058100002500077245004700102260003800149300000800187690002600195906001100221999001700232952014500249210210b1992 xxu||||| |||| 00| 0 eng d a81 7054 165 4 a351.00313 SING aSINHA (Binod Kumar). aGovernor as a factor of Indian federalism. aNDbClassical Publishing Coc1992 a132 aPublic Administration a046791 c95798d95798 001040708Political ScienceaALbALcPolitical Scienced2021-02-17g125.00l0o351.00313 SINGp046791r2021-02-17 00:00:00w2021-02-17yBK